000 01007nam a2200277Ia 4500
999 _c4304
_d4304
003 OSt
005 20200401100651.0
008 191128s2017 ck gr 000 0 spa d
020 _a9789585624443
040 _aCO-JMCR
_cCO-JMCR
041 _aspa
082 0 4 _a070.442 /
_bR173r
100 1 _aRamírez, Giussepe,
_eautor
_91299
245 1 0 _aRuta de escape /
_cGiussepe Ramírez ; coordinador Juan Álvarez, Juan Cárdenas, Elizabeth Valenzuela
260 _aBogotá :
_bMinisterio de Ambiente y Desarrollo Sostenible,
_c2017
300 _a27 páginas ;
_c21 cm.
490 0 _aMaletín de relatos pacíficos
650 1 4 _aLiteratura colombiana
_ySiglo XXI
_91300
650 2 4 _aPoesía colombiana
_ySiglo XXI
_91301
650 2 4 _aCuentos colombianos
_ySiglo XXI
_91302
650 2 4 _aNovela colombiana
_ySiglo XXI
_91303
700 1 _aÁlvarez, Juan,
_ecoordinador
_91264
700 1 _aCárdenas, Juan,
_ecoordinador
_91268
700 1 _aValenzuela, Elizabeth,
_ecoordinador
_91269
942 _2ddc
_cBK